Países por continente con una primera letra única - Estadísticas

Estadísticas generales
  • Esta prueba ha sido intentada 8.793 veces
  • La puntuación promedio es 27 de 38
Estadísticas de respuestas
Continente Primera letra País % Correcto
América del Sur A Argentina
95%
Europa D Dinamarca
95%
América del Sur U Uruguay
92%
América del Sur E Ecuador
91%
África K Kenia
90%
África U Uganda
90%
América del Sur V Venezuela
90%
Oceanía A Australia
85%
América del Sur G Guyana
84%
América del Sur S Surinam
84%
América del Norte J Jamaica
82%
Asia Y Yemen
82%
África Y Yibuti
78%
Europa H Hungría
77%
Europa K Kosovo
74%
Asia O Omán
73%
Oceanía V Vanuatu
72%
Oceanía F Fiyi
71%
América del Norte D Dominica
69%
América del Norte N Nicaragua
69%
América del Norte M México
67%
América del Norte A Antigua y Barbuda
66%
Europa G Grecia
66%
Oceanía K Kiribati
66%
Europa U Ucrania
66%
Europa N Noruega
64%
América del Norte T Trinidad y Tobago
63%
América del Norte P Panamá
61%
Asia V Vietnam
61%
Oceanía S Samoa
60%
Asia U Uzbekistán
58%
Asia P Pakistan
54%
América del Norte R República Dominicana
54%
Asia G Georgia
51%
Asia F Filipinas
46%
Asia N Nepal
45%
Oceanía E Estados Federados de Micronesia
40%
Asia E Emiratos Árabes Unidos
31%
No se encontraron pruebas coincidentes
Distribución de puntuación
Porcentaje de gente con cada puntuación
Porcentaje por número respondido
Historial de tus puntuaciones
No has intentado esta prueba.